000 00321nam a22001337a 4500
008 170606b xxu||||| |||| 00| 0 eng d
020 _a0198253230
041 _aeng
080 _a94(7/8)
100 _a18
101 _aSHH
245 _aTHE UNITED NATIONS OPERATION IN THE CONGO 1960-1964
_cSAAB, G.A
942 _2udc
_cBK
999 _c16133
_d16133